Malaysia convention & exhibitions : a biannual compilation of conventions & exhibitions 2007/2008.

Bibliographic Details
Corporate Author: Malaysia External Trade Development Corporation [MATRADE]
Format: Book
Published: Kuala Lumpur: MATRADE, 2007.
Subjects:
LEADER 00638cam a2200169 7i4500
001 0000020087
005 20071228090000.0
022 0 0 |a 1511-3892 
090 0 0 |a MAT 381.1025   |b MAL 
110 2 0 |a Malaysia External Trade Development Corporation [MATRADE] 
245 2 0 |a Malaysia convention & exhibitions :   |b a biannual compilation of conventions & exhibitions 2007/2008. 
260 0 0 |a Kuala Lumpur:   |b MATRADE,   |c 2007. 
300 # # |a 44 p. 
650 0 0 |a Exhibitions --   |x Directories --   |z Malaysia  
650 0 0 |a Conventions --   |x Directories --   |z Malaysia  
651 0 0 |a Malaysia  
999 |a 0000021395  |b Directories  |c MATRADEs Collection  |e Business Information Centre